000 00860nas a2200265 4500
001 BR0304210
003 BR-BrBNA
005 20231205104045.0
007 ta
008 230509b bl.|||p| |||| 00| 00por d
040 _aBR-BrBNA
_bpor
_cBiblioteca Nacional de Agricultura
041 _a(En)
072 _aF01
100 1 _aMarino, R.H.
100 1 _aEira, A.F. da
100 1 _aKuramae, E.E.
100 1 _aQueiroz, E.C.
245 1 _aMorphomolecular characterization of Pleurotus ostreatus (Jacq. Fr.)Kummer strains in relation to luminosity and temperature of frutification
650 _aCOGUMELO COMESTÍVEL
650 _aPRÁTICA CULTURAL
650 _aTEMPERATURA
773 0 _tScientia Agrícola (Brazil)
_xISSN 0103-9016
_g(Jul-Sep 2003), v. 60(3) p. 531-535
_wBR0304210
909 _a202311
_bLúcia
_c55
_dLúcia Elande
942 _2AGRIS
_n0
_cANA
999 _c176111
_d176111